01386nam a2200349 i 450000100060000000300080000600500170001400600190003100700150005000800410006502000280010603500220013404000310015605000200018708000120020708200140021924501020023326400660033530000580040133600290045933700330048833800390052150400290056058800830058959001620067265000390083465500270087370000380090079700180093885600630095699900170101954918FINmELB20241216232721.0m o u cr cn|||||||||220522s2018 sp a ob 000 0 spa d a9789200145278q(e-book) a(OCoLC)1379806539 aFINmELBbspaerdacFINmELB14aD2.5bE968 2018 a930:06904a907.422304aLas exposiciones históricas de 1892 /cJavier Rodrigo del Blanco, director de la publicación. 1aMadrid :bMinisterio de Cultura y Deporte de España,c2018. a1 recurso en línea (154 páginas) :bilustraciones atextobtxt2rdamedia/spa acomputadorabc2rdamedia/spa arecurso en línea2rdacarrier/spa aContiene bibliografía. aDescripción basada en metadatos suministrados por el editor y otras fuentes. aRecurso electrónico. Santa Fe, Arg.: elibro, 2021. Disponible vía World Wide Web. El acceso puede estar limitado para las bibliotecas afiliadas a elibro. 4aMuseos históricosvExposiciones. 4aLibros electrónicos.1 aBlanco, Javier R. del,edirector.2 aelibro, Corp.40uhttps://elibro.net/ereader/politecnicointernacional/226562 c54918d54918